RDR2 Quiz (hard) - Statistics

General Stats
  • This quiz has been taken 9 times
  • The average score is 6 of 15
Answer Stats
Question Answer % Correct
Who said the quote: "I wish I'd acquired wisdom at less of a price." Hosea
86%
What do you need to do to get the "It's art" achivement? complete hunting requests + find a premanent home for the squirrel statue
57%
Who is the youngest gangmember (besides jack)? Lenny
57%
Who gives you your Lancaster reapeater? Micah
57%
What kind of tresure can you find in a cave in cholla springs, New Austin? Otis miller's revolver
57%
Which gangmember never appear in any bank robbery mission? Trelawny
57%
What's the name of Sean's horse? Ennis
43%
What was the names of Arthurs parents? Lyle & Beatrice
43%
Why didn't Arthur and Mary get married? Mary's father didn't like Arthur
43%
which of these are not part of any challenge chategory in the game? Ride from Annesburg to Blackwater without touching any water
43%
What was the name of Arthurs dog? Copper
29%
Who was not present at the party at the mayor's house in chapter 4? Desmond Blythe
29%
How many bank robberies were there? 2
14%
What do you need to do in order to get the Owl feather trinket? Don't kill any soldiers while retrieving the Chanupa for Rains Fall
14%
How many strangers are there? 30
0%
No matching quizzes found
Score Distribution
Percent of People with Each Score
Percentile by Number Answered
Your Score History
You have not taken this quiz